Science Quiz

Random Science or Math Quiz

Platonic Solids Quiz Stats

 Plays Quiz Updated Jan 10, 2014

Support Sporcle.
Go Orange.
Score 0/5 Timer 01:30
0 Plays Today
% Correct
cube
97%
dodecahedron
63.7%
tetrahedron
61.3%
octahedron
51.5%
icosahedron
43.7%

You're not logged in!

Compare scores with friends on all Sporcle quizzes.
OR
Log In
Forgot?

From the Vault

Krispy Kreme Doughnut Picture Klick

by chaosBEE

This quiz comes cheaper by the dozen.
Remove Ads.
Support Sporcle.
Get the best of Sporcle when you Go Orange. This ad-free experience offers more features, more stats, and more fun while also helping to support Sporcle. Thank you for becoming a member.

Show Comments

Extras

Top Quizzes Today


Score Distribution

Your Account Isn't Verified!

In order to create a playlist on Sporcle, you need to verify the email address you used during registration. Go to your Sporcle Settings to finish the process.

Report this User

Report this user for behavior that violates our Community Guidelines.

Details: